Slothandbeans Spotify Playlist Quiz #1 - Statistics

General Stats
  • This quiz has been taken 3 times
  • The average score is 32 of 81
Answer Stats
Hint Answer % Correct
Clairo Bags
100%
Arctic Monkeys Do I Wanna Know?
100%
The Killers Mr. Brightside
100%
Arctic Monkeys 505
67%
Kansas Carry on Wayward Son
67%
Young the Giant Cough Syrup
67%
Gorillaz Feel Good Inc.
67%
Tame Impala Let It Happen
67%
Justin Timberlake Mirrors
67%
Noah Kahan + Feat. Pride
67%
Weezer Say It Ain't So
67%
Noah Kahan + Feat. Someone Like You
67%
The Strokes The Adults Are Talking
67%
The Killers When You Were Young
67%
Anarbor 18
33%
Joji 1AM FREESTYLE
33%
Joji 777
33%
Weezer All the Good Ones
33%
EESE Along the way
33%
Noah Kahan Animal
33%
Young the Giant Art Exhibit
33%
SIAMES As You Get High
33%
David Gray Babylon
33%
Joji Before the Day is Over
33%
Khalid Better
33%
Joji BLAHBLAHBLAH DEMO
33%
Wolf Alice Blush
33%
Noah Kahan Bury Me
33%
Hippo Campus Buttercup
33%
Noah Kahan Caves
33%
Quinn XCII + Feat. Coffee
33%
COIN Crash My Car
33%
half•alive creature
33%
Steve Lacy C U Girl
33%
Arlie didya think
33%
Joji Die For You
33%
Wolf Alice Don't Delete The Kisses
33%
Incubus Drive
33%
bôa Duvet
33%
Freeze the Atlantic Everything All the Time
33%
rei brown Forever
33%
Hippo Campus Golden
33%
Freeze the Atlantic Hectares
33%
bbno$, Diamond Pistols + Feat. help herself
33%
rei brown Honest
33%
Daft Punk + Feat. Instant Crush
33%
Wolfmother Joker And The Thief
33%
BRONSON, ODESZA, Golden Features, Gallant KNOW ME
33%
Joji Like You Do
33%
JJ Lin Lose Control
33%
Social House + Feat. Magic In The Hamptons
33%
Young the Giant Mind Over Matter
33%
Joji Modus
33%
SIAMES Mr. Fear
33%
Joji Mr. Hollywood
33%
Editors Munich
33%
Masego + Feat. Mystery Lady
33%
Issa Bagayogo Nogo
33%
Joji + Feat. Normal People
33%
Noah Kahan Part of Me
33%
Tim McGraw Please Remember Me
33%
Joji Run
33%
Surf Curse Safe
33%
Metro Boomin, Coi Leray Self Love
33%
YouNotUs, Kelvin Jones Seventeen
33%
Hippo Campus South
33%
Wolf Alice Space & Time
33%
Bazzi Star
33%
Kings Kaleidoscope Sticks & Stones
33%
half•alive still feel.
33%
SIAMES, Barbie Williams Summer Nights
33%
Wolf Alice The Beach
33%
SIAMES The Cave
33%
SIAMES The Wolf
33%
rei brown, Joji Thinking Bout You
33%
rei brown Waiting For You
33%
Pixies Where Is My Mind?
33%
Waterdeep You'll Be Fine
33%
flora cash You're Somebody Else
33%
Editors An End Has a Start
0%
Wolf Alice Lisbon
0%
No matching quizzes found
Score Distribution
Percent of People with Each Score
Percentile by Number Answered
Your Score History
You have not taken this quiz